MyGZULibrary

Modern business administration / (Record no. 710)

MARC details
000 -LEADER
fixed length control field 00868cam a2200289 i 4500
001 - CONTROL NUMBER
control field 363206
003 - CONTROL NUMBER IDENTIFIER
control field GZU
005 - DATE AND TIME OF LATEST TRANSACTION
control field 20200911091526.0
008 - FIXED-LENGTH DATA ELEMENTS--GENERAL INFORMATION
fixed length control field 770421s1976 enka b 001 0 eng
010 ## - LIBRARY OF CONGRESS CONTROL NUMBER
LC control number 77354398
015 ## - NATIONAL BIBLIOGRAPHY NUMBER
National bibliography number GB76-33290
020 ## - INTERNATIONAL STANDARD BOOK NUMBER
International Standard Book Number 0273004336 :
Terms of availability £3.75
040 ## - CATALOGING SOURCE
Original cataloging agency DLC
Transcribing agency DLC
Modifying agency DLC
050 00 - LIBRARY OF CONGRESS CALL NUMBER
Classification number HF 5500
Item number APP 1994
082 00 - DEWEY DECIMAL CLASSIFICATION NUMBER
Classification number 658
100 1# - MAIN ENTRY--PERSONAL NAME
Personal name Appleby, Robert C.
245 10 - TITLE STATEMENT
Title Modern business administration /
Statement of responsibility, etc. [by] Robert C. Appleby.
250 ## - EDITION STATEMENT
Edition statement 6 th ed.
260 ## - PUBLICATION, DISTRIBUTION, ETC.
Place of publication, distribution, etc. London :
Name of publisher, distributor, etc. Pitman,
Date of publication, distribution, etc. 1994
300 ## - PHYSICAL DESCRIPTION
Extent xiii, 365 p. :
Other physical details ill. ;
Dimensions 23 cm.
500 ## - GENERAL NOTE
General note Published in 1981 as: The essential guide to management.
500 ## - GENERAL NOTE
General note "A Pitman international text."
504 ## - BIBLIOGRAPHY, ETC. NOTE
Bibliography, etc. note Includes bibliographies and index.
650 #0 - SUBJECT ADDED ENTRY--TOPICAL TERM
Topical term or geographic name entry element Business.
906 ## - LOCAL DATA ELEMENT F, LDF (RLIN)
a 7
b cbc
c orignew
d 3
e ncip
f 19
g y-gencatlg
942 ## - ADDED ENTRY ELEMENTS (KOHA)
Source of classification or shelving scheme Library of Congress Classification
Koha item type Books
Edition 6th ed.
Classification part 5500
Item part APP
Call number prefix HF
Holdings
Withdrawn status Lost status Damaged status Not for loan Collection code Home library Current library Shelving location Date acquired Total Checkouts Full call number Barcode Date last seen Copy number Price effective from Koha item type
        Non-fiction City Campus Library City Campus Library General Stacks 09/11/2020   HF 5500 APP 1994 B017542 09/11/2020 c.1 09/11/2020 Books
        Non-fiction City Campus Library City Campus Library General Stacks 11/11/2020   HF 5500 APP 1994 B015296 11/11/2020 c.2 11/11/2020 Books
        Non-fiction Mashava Campus Library Mashava Campus Library General Stacks 05/05/2021   HF 5500 APP 1994 B018017 05/05/2021 c.3 05/05/2021 Books